اختفاء / (Record no. 17828)
[ view plain ]
| 000 -الفاتح | |
|---|---|
| حقل البيانات ثابتة الطول | 01236cam a22003375i 4500 |
| 003 - محدد رقم الضبط | |
| رقم الضبط | EG-ScBUE |
| 005 - وقت وتاريخ اخر تعامل مع التسجيلة | |
| رقم الضبط | 20210127115035.0 |
| 008 - عناصر البيانات ثابتة الطول - معلومات عامة | |
| حقل البيانات ثابتة الطول | 130207s2012 ua g 000 f ara d |
| 017 ## - رقم الإيداع القانونى | |
| رقم الإيداع القانونى | 2012 / 7463 |
| 020 ## - الرقم الدولى المعيارى للكتب | |
| الرقم الدولى المعيارى للكتاب | 9789770931318 |
| 040 ## - مصدر الفهرسة | |
| وكالة الفهرسة الأصلية | EG-ScBUE |
| لغة الفهرسة | ara |
| قواعد الوصف | rda |
| وكالة النسخ | EG-ScBUE |
| وكالة التعديل | EG-ScBUE |
| 041 1# - رمز اللغة | |
| رمز لغة النص/ المسارات الصوتية أو العنوان الانفرادي | ara |
| رمز لغة الترجمات و/او الاصلية المتوسطة للنص | eng |
| 082 04 - رقم تصنيف ديوى العشرى | |
| رقم التصنيف | 823.92 |
| رقم المادة | م ط ر |
| رقم الطبعة | 22 |
| 100 1# - المدخل الرئيسى - إسم شخصى | |
| الإسم الشخصى | مطر، هشام، |
| التواريخ المصاحبة للاسم | 1970- |
| الدور | مؤلف. |
| 240 10 - العنوان الموحد | |
| عنوان موحد | Anatomy of a disappearance. |
| لغة العمل | Arabic |
| 245 10 - بيان العنوان | |
| العنوان | اختفاء / |
| بيان المسئوليه,etc | هشام مطر ؛ ترجمة محمد عبد النبي. |
| 246 34 - العنوان الموازى | |
| عنوان صحيح/عنوان مختصر | اختفاء : |
| بقية العنوان | رواية |
| 250 ## - بيان الطبعة | |
| بيان الطبعة | الطبعة العربية الأولى. |
| 264 #1 - النشر، التوزيع | |
| مكان الناشر او الموزع | القاهرة : |
| اسم الناشر او الموزع | دار الشروق، |
| تاريخ النشر أو التوزيع | 2012. |
| 300 ## - الوصف المادى | |
| التعداد | 250 صفحة ؛ |
| أبعاد الوعاء | 20 سم |
| 336 ## - نوع المحتوى | |
| Carrier Type Term | نص |
| Content Type Code | txt |
| source | rdacontent |
| 337 ## - نوع الوسيط | |
| Media Type Term | بدون وسيط |
| Media Type Code | n |
| source | rdamedia |
| 338 ## - نوع الحامل أو الناقل | |
| Carrier Type Term | مجلد |
| Carrier Type Code | nc |
| source | rdacarrier |
| 546 ## - تبصرة اللغة | |
| تبصرة اللغة | النص باللغة العربية ؛ مترجم من اللغة الإنجليزية. |
| 650 #7 - المدخل الاضافى بالموضوع-مصطلح موضوعى | |
| مصطلح موضوعي أو اسم جغرافي كعنصر مدخل | القصص الإنجليزية. |
| مصدر الرأس أو المصطلح | BUEsh |
| 651 ## - المدخل الاضافى بالموضوع - اسم جغرافى | |
| مصدر الرأس أو المصطلح | BUEsh |
| 653 ## - مصطلح تكشيفى غير مقيد | |
| Resource For college | Arabic Literature |
| -- | Generalities |
| Arrived date list | December2013 |
| 655 ## - مصطلح تكشيفى-نوع/شكل | |
| بيانات النوع/ الشكل أو المصطلح الأساسي | القصص الإنجليزية المترجمة |
| 700 1# - المدخل الاضافى - اسم شخصى | |
| الإسم الشخصى | عبد النبي، محمد، |
| الدور | مترجم. |
| 942 ## - عناصر المدخل الإضافي( كوها) | |
| مصدر التصنيف او مخطط الترفيف | Dewey Decimal Classification |
| Koha [default] item type | Book - Borrowing |
| حالة التراجع | حالة الفقد | مصدر التصنيف او خطة الترفيف | حالة تلف | ليس للاعارة | مجموعات كوها | المكان الدائم | المكان الحالي | موقع الترفيف | تاريخ الاكتساب | Source of acquisition | سعر الشراء الطبيعي | رقم الاستدعاء | الباركود | Date last seen | مُعار | التكلفة | نوع الوعاء |
|---|---|---|---|---|---|---|---|---|---|---|---|---|---|---|---|---|---|
| Dewey Decimal Classification | سور الازبكية | Central Library | Central Library | Second Floor | 10/12/2013 | Purchase | 15.00 | 823.92 م ط ر | 000035161 | 15/07/2025 | 30/10/2023 | 18.75 | Book - Borrowing |